| 000 | 00883nam a2200277Ia 4500 | ||
|---|---|---|---|
| 003 | OSt | ||
| 005 | 20221005062229.0 | ||
| 006 | a|||||r|||| 00| 0 | ||
| 007 | ta | ||
| 008 | 221004b |||||||| |||| 00| 0 eng d | ||
| 020 |
_a9788189643355 (hbk) _c795 |
||
| 024 | _a8209 | ||
| 037 |
_bCBS/183, 28/11/2013, Classic Book Service _cTextual |
||
| 040 |
_aCRL _cCRL _beng |
||
| 041 |
_2eng _aeng |
||
| 082 | _a4,42.49G, Q3 | ||
| 100 |
_aPunathambekar Aswin Ed. _9601588 |
||
| 245 | 0 | _aTelevision at large in South Asia | |
| 260 |
_aLondon _bRoutledge UK _c2013 |
||
| 300 |
_avi,269p. _ccm. |
||
| 490 | _aSouth Asian history and culture | ||
| 650 |
_aJOUNRALISM _93876 |
||
| 700 |
_a Kumar Sunil Ed. _926911 |
||
| 942 |
_h4,42.49G, Q3 _cTEXL _2cc |
||
| 999 |
_c969389 _d969389 |
||